Ranking UEFA - ostatnie 15 reprezentacji - Statystyki

Ogólne statystyki
  • Ten quiz został rozwiązany 254 razy
  • Średni wynik to 10 z 15
Statystyki odpowiedzi
Lp. Reprezentacja % Poprawnych
2. San Marino
99%
6. Liechtenstein
86%
4. Andora
83%
9. Luksemburg
77%
5. Malta
72%
11. Łotwa
70%
1. Gibraltar
68%
7. Mołdawia
66%
3. Kosowo
65%
10. Wyspy Owcze
64%
14. Białoruś
56%
12. Armenia
55%
13. Gruzja
55%
15. Macedonia Północna
54%
8. Kazachstan
50%
Nie znaleziono quizów pasujących do podanych kryteriów
Rozkład punktacji
Procent ludzi z każdym wynikiem
Percentyl według liczby udzielonych odpowiedzi
Twoja historia wyników
Nie rozwiązałeś tego quizu